000 00228nam a2200097Ia 4500
001 753215
005 20250826164717.0
008 250824s9999 xx 000 0 und d
245 0 _aÖLÜ CANLAR
_cGOGOL
260 _bİSKELE YAYINLARI
999 _c753215
_d753215